000 00484cam a2200181 4500
001 D5910
008 090401t1972 xxu||||| |||| 00| 0 eng d
035 _a(Sirsi) u75596
041 _aeng
050 _a690.072
110 _aThe Institute of Quantity Surveyors
_92498
245 _aInternational survey of research into building economics and quantity surveying 1972
260 _aLondon
_bIQS
_c1972
300 _a201p. 30cm
350 _a0
942 _n0
948 _c04/03/1997
999 _c96053
_d96053